[Event "13th Parsvnath Open"]
[Site "New Delhi IND"]
[Date "2015.01.10"]
[Round "3.61"]
[White "Dhar, Rajib"]
[Black "De Silva, Osheen"]
[Result "1-0"]
[WhiteElo "2151"]
[BlackElo "1886"]
[WhiteFideId "5015596"]
[BlackFideId "9902252"]
[EventDate "2015.01.09"]

1. d4 d5 2. c4 c6 3. Nc3 e6 4. e3 Nd7 5. Nf3 Ngf6 6. Qc2 Bd6 7. Bd3 dxc4 8. Bxc4
O-O 9. O-O Qe7 10. Ne2 e5 11. Ng3 g6 12. Rd1 e4 13. Nd2 Nb6 14. Be2 Re8 15. b3
h5 16. Ngf1 Nbd5 17. Nc4 Bc7 18. Ba3 Qe6 19. Rac1 b5 20. Ne5 b4 21. Bb2 Bb7 22.
Ng3 Re7 23. Bc4 h4 24. Nxe4 Nxe4 25. Qxe4 f6 26. Qg4 Bxe5 27. Qxe6+ Rxe6 28.
dxe5 1-0

[Event "13th Parsvnath Open"]
[Site "New Delhi IND"]
[Date "2015.01.10"]
[Round "3.62"]
[White "Gokhale, Chandrashekhar"]
[Black "Badavath, Anand"]
[Result "1-0"]
[WhiteTitle "IM"]
[WhiteElo "2254"]
[BlackElo "1896"]
[WhiteFideId "5001315"]
[BlackFideId "5045614"]
[EventDate "2015.01.09"]

1. Nf3 d5 2. g3 Bg4 3. Bg2 Nf6 4. O-O Nbd7 5. d3 e6 6. Nbd2 Bd6 7. h3 Bh5 8. e4
c6 9. Qe1 dxe4 10. dxe4 e5 11. Nc4 Bc7 12. Nh4 O-O 13. Bg5 h6 14. Bd2 Kh7 15. a4
Qe7 16. Bb4 c5 17. Bd2 Qe6 18. Ne3 Ng8 19. Nd5 Bd8 20. Nf5 f6 21. g4 Be8 22. Qe3
Rc8 23. Qb3 Qc6 24. Rfd1 g6 25. Nfe3 Nb6 26. a5 Na8 27. Bf1 Nc7 28. Nxc7 Qxc7
29. Bc4 Ne7 30. Be6 Rb8 31. Nd5 Nxd5 32. exd5 Qd6 33. Qe3 g5 34. Bf5+ Kg7 35. c4
Bc7 36. Qe4 Bd7 37. Be3 Bxf5 38. gxf5 Qe7 39. b4 Bd6 40. bxc5 Bxc5 41. Bxc5 Qxc5
42. d6 Rfd8 43. Rd5 Qc6 44. c5 Rd7 45. Rad1 b6 46. cxb6 axb6 47. Qb4 Rbb7 48. a6
Ra7 49. Qg4 Qc2 50. R5d3 Qa2 51. Rd5 Qc2 52. R1d3 Qc1+ 53. Kg2 Qf4 54. Qxf4 gxf4
55. Ra3 Kf7 56. Kf3 Ke8 57. Ke4 Rd8 58. Rdd3 Kd7 59. Kd5 e4 60. Kxe4 Rda8 61.
Rac3 Re8+ 62. Kxf4 Re5 63. Re3 Rxa6 64. Rxe5 fxe5+ 65. Kxe5 Ra5+ 66. Kf6 Kxd6
67. Kg6 Ra8 68. f6 Rg8+ 69. Kh7 Rg2 70. Rf3 Kd5 1-0

[Event "13th Parsvnath Open"]
[Site "New Delhi IND"]
[Date "2015.01.11"]
[Round "4.2"]
[White "Deepan, Chakkravarthy J."]
[Black "David, Alberto"]
[Result "1-0"]
[WhiteTitle "GM"]
[BlackTitle "GM"]
[WhiteElo "2484"]
[BlackElo "2572"]
[WhiteFideId "5011132"]
[BlackFideId "4000013"]
[EventDate "2015.01.09"]

1. e4 c5 2. Nf3 e6 3. d4 cxd4 4. Nxd4 Nc6 5. Nc3 Qc7 6. g3 a6 7. Bg2 d6 8. O-O
Bd7 9. Re1 Be7 10. Nxc6 Bxc6 11. a4 Nf6 12. a5 O-O 13. Be3 Rae8 14. Qd2 Nd7 15.
f4 Bd8 16. Red1 Be7 17. e5 d5 18. Ne2 Nc5 19. Nd4 Bd7 20. Kh1 f6 21. f5 fxe5 22.
Nxe6 Bxe6 23. Bxc5 Rxf5 24. Bb6 Qd7 25. Bxd5 Ref8 26. Kg2 e4 27. Bxe4 Qb5 28.
Bxf5 Rxf5 29. Re1 Bd5+ 30. Kg1 Rf7 31. Re5 Qxb2 32. Rae1 1-0

[Event "13th Parsvnath Open"]
[Site "New Delhi IND"]
[Date "2015.01.11"]
[Round "4.3"]
[White "Demchenko, Anton"]
[Black "Krishna, C.R.G."]
[Result "1-0"]
[WhiteTitle "GM"]
[WhiteElo "2611"]
[BlackElo "2350"]
[WhiteFideId "4160258"]
[BlackFideId "5018625"]
[EventDate "2015.01.09"]

1. e4 e6 2. d4 d5 3. Nd2 c5 4. exd5 Qxd5 5. dxc5 Bxc5 6. Ngf3 Nf6 7. Bc4 Qc6 8.
Qe2 Nbd7 9. Nb3 a6 10. O-O b5 11. Bd3 O-O 12. Bg5 Qc7 13. c4 bxc4 14. Bxc4 Bb7
15. Nxc5 Bxf3 16. gxf3 Qxc5 17. Bf4 Nh5 18. Bg3 Nxg3 19. hxg3 Ne5 20. Bb3 Nc6
21. Rac1 Qb6 22. Rfd1 Rad8 23. Qe3 Nd4 24. Rc4 e5 25. Kg2 Rfe8 26. Rdc1 Qf6 27.
Ba4 Re6 28. Rc8 g6 29. Bd7 Rxc8 30. Rxc8+ Kg7 31. Bxe6 Nxe6 32. Qc3 h5 33. f4
exf4 1-0

[Event "13th Parsvnath Open"]
[Site "New Delhi IND"]
[Date "2015.01.11"]
[Round "4.4"]
[White "Mozharov, Mikhail"]
[Black "Swapnil, S. Dhopade"]
[Result "1-0"]
[WhiteTitle "GM"]
[BlackTitle "IM"]
[WhiteElo "2557"]
[BlackElo "2424"]
[WhiteFideId "4189825"]
[BlackFideId "5019184"]
[EventDate "2015.01.09"]

1. e4 c6 2. d4 d5 3. e5 Bf5 4. Nd2 e6 5. Nb3 Nd7 6. Nf3 Ne7 7. Be2 h6 8. O-O Bh7
9. a4 Ng6 10. a5 a6 11. Be3 Be7 12. Ne1 c5 13. c3 c4 14. Nd2 b5 15. axb6 Qxb6
16. b3 cxb3 17. Qxb3 O-O 18. Qa2 Qc7 19. c4 dxc4 20. Nxc4 Nh4 21. Nf3 Nf5 22.
Rfc1 Nxe3 23. Nxe3 Qd8 24. d5 exd5 25. Nxd5 Bc5 26. Qc4 Rc8 27. Qg4 a5 28. Rd1
Qe8 29. Qg3 Qe6 30. h4 Rfd8 31. Nf4 Qb6 32. e6 Nf6 33. exf7+ Kf8 34. Ne5 Bd4 35.
Qa3+ Qb4 36. Qxb4+ axb4 37. Ne6+ 1-0

[Event "13th Parsvnath Open"]
[Site "New Delhi IND"]
[Date "2015.01.11"]
[Round "4.5"]
[White "Cruz, Cristhian"]
[Black "Pradeep, Kumar R.A."]
[Result "1-0"]
[WhiteTitle "GM"]
[WhiteElo "2546"]
[BlackElo "2291"]
[WhiteFideId "3801969"]
[BlackFideId "5023181"]
[EventDate "2015.01.09"]

1. d4 Nf6 2. c4 g6 3. Nc3 Bg7 4. e4 d6 5. Be2 O-O 6. Bg5 c5 7. d5 Na6 8. Qd2 Nc7
9. h4 b5 10. cxb5 a6 11. bxa6 Bxa6 12. h5 Qb8 13. hxg6 fxg6 14. Rb1 Qb4 15. Rh4
Qa5 16. Bxa6 Rxa6 17. Nge2 Rb8 18. f3 Nb5 19. Nxb5 Qxd2+ 20. Kxd2 Rxb5 21. Kc2
Nd7 22. Nc3 Bxc3 23. Kxc3 Rxa2 24. Bxe7 Nb6 25. Bf6 Rb4 26. Kc2 Nc4 27. Kc1 Ne3
28. Kd2 Nc4+ 29. Kc1 Ne3 30. Rh2 Rb3 31. Kd2 Nc4+ 32. Kc2 Re3 33. Rbh1 Na3+ 34.
Kd2 Nc4+ 35. Kc2 Na3+ 36. Kc1 Ra1+ 37. Kd2 Nc4+ 38. Kc2 Ree1 39. Rxe1 Rxe1 40.
Kd3 Nb6 41. Bh4 Rd1+ 42. Kc2 Rf1 43. Bg3 Nc4 44. Bf4 Rf2+ 45. Kc3 Nxb2 46. Bxd6
Nd1+ 47. Kc4 Rc2+ 48. Kd3 Rc1 49. Kd2 Ra1 50. Be5 Rb1 51. Kc2 1-0

[Event "13th Parsvnath Open"]
[Site "New Delhi IND"]
[Date "2015.01.11"]
[Round "4.6"]
[White "Prasanna, Raghuram Rao"]
[Black "Baryshpolets, Andrey"]
[Result "1/2-1/2"]
[WhiteTitle "IM"]
[BlackTitle "GM"]
[WhiteElo "2436"]
[BlackElo "2541"]
[WhiteFideId "5022401"]
[BlackFideId "14117207"]
[EventDate "2015.01.09"]

1. e4 e5 2. Nf3 Nc6 3. Bb5 a6 4. Ba4 Nf6 5. O-O Be7 6. d3 d6 7. c3 O-O 8. Nbd2
b5 9. Bc2 Re8 10. Re1 Bf8 11. Nf1 h6 12. Ng3 Ne7 13. Nh4 Bg4 14. Nf3 Ng6 15. h3
Bd7 16. d4 c5 17. d5 Nh7 18. a4 Be7 19. Nf5 Rb8 20. axb5 axb5 21. Be3 Ra8 22.
Qd2 c4 23. Nh2 Qc7 24. Ng4 Bg5 25. g3 Bxe3 26. Ngxe3 Bxf5 27. Nxf5 Ne7 28. Ne3
Nf6 29. Qe2 Ra7 30. Rab1 Ra2 31. Rf1 Qc5 32. Kg2 Ng6 33. Rfc1 Rc8 34. Kf3 Nf8
35. Nf5 Qc7 36. Kg2 h5 37. Qe3 g6 38. Qh6 Ne8 39. g4 gxf5 40. gxf5 f6 41. Kh2
Qh7 42. Rg1+ Kf7 43. Qe3 Rb8 44. Ra1 Rxa1 45. Rxa1 Rb7 46. Rg1 Nc7 47. Bd1 h4
48. Qf3 Ke7 49. Rg4 Ne8 50. Qe3 Kd8 51. Be2 Nd7 52. Rg6 Nc5 53. Rh6 Qg8 54. Bh5
Rh7 55. Rg6 Qf8 56. Bg4 Kc7 57. Be2 Kb7 58. Qf3 Nc7 59. Qg4 Qf7 60. Bd1 Na8 61.
Qe2 Nd3 62. b3 Nf4 63. Qg4 Nb6 64. bxc4 Nxc4 65. Be2 Qc7 66. Bxc4 Qxc4 67. Rg7+
Rxg7 68. Qxg7+ Kb6 69. Qxf6 Kc5 70. Qd8 Qxc3 71. Qxh4 Qf3 72. Qg3 Qxg3+ 73. fxg3
Nh5 74. g4 Nf6 75. g5 Nxe4 76. h4 Kxd5 77. g6 Nf6 78. g7 b4 79. h5 b3 1/2-1/2

[Event "13th Parsvnath Open"]
[Site "New Delhi IND"]
[Date "2015.01.11"]
[Round "4.7"]
[White "Himanshu, Sharma"]
[Black "Rombaldoni, Axel"]
[Result "1-0"]
[WhiteTitle "IM"]
[BlackTitle "GM"]
[WhiteElo "2427"]
[BlackElo "2509"]
[WhiteFideId "5007836"]
[BlackFideId "815837"]
[EventDate "2015.01.09"]

1. e4 c5 2. Nc3 Nc6 3. g3 Rb8 4. Bg2 b5 5. d3 e6 6. f4 b4 7. Nce2 d5 8. e5 h5 9.
Nf3 Nh6 10. Be3 d4 11. Bf2 Ne7 12. a3 bxa3 13. Rxa3 a6 14. Nd2 Nd5 15. Nc4 h4
16. c3 Ng4 17. Bf3 Nge3 18. Qc1 Bb7 19. Bxe3 Nxe3 20. Bxb7 Rxb7 21. Nxe3 dxe3
22. Qxe3 hxg3 23. Nxg3 Rxb2 24. Rxa6 Rb1+ 25. Ke2 Rxh1 26. Nxh1 Rxh2+ 27. Nf2 c4
28. d4 Qd5 29. Qf3 Be7 30. Ra8+ Bd8 31. Ke3 Kd7 32. Ra7+ Bc7 33. Qd1 Kc8 34. Qa4
Kb8 35. Ra6 g5 36. fxg5 Rh8 37. Qc6 Qxc6 38. Rxc6 Bd8 39. Ne4 Rh3+ 40. Kf4 Rh4+
41. Kf3 Rh3+ 42. Kg4 Rh1 43. Rxc4 Rg1+ 44. Kf4 Rf1+ 45. Ke3 Rf5 46. g6 fxg6 47.
Rc6 g5 48. Rxe6 g4 49. Rg6 Rf3+ 50. Ke2 Rf4 51. Kd3 Bc7 52. Rg8+ Kb7 53. e6 1-0

[Event "13th Parsvnath Open"]
[Site "New Delhi IND"]
[Date "2015.01.11"]
[Round "4.8"]
[White "Satyapragyan, Swayangsu"]
[Black "Debashis, Das"]
[Result "1-0"]
[WhiteTitle "IM"]
[BlackTitle "GM"]
[WhiteElo "2410"]
[BlackElo "2503"]
[WhiteFideId "5004306"]
[BlackFideId "5024854"]
[EventDate "2015.01.09"]

1. e4 e5 2. Nf3 d6 3. d4 exd4 4. Nxd4 Nf6 5. Nc3 Be7 6. Be2 O-O 7. Bf4 Re8 8.
Qd2 Nc6 9. O-O-O Nxd4 10. Qxd4 Nd7 11. f3 Nc5 12. Qd2 Be6 13. g4 Bf6 14. Kb1 Be5
15. h4 Bxf4 16. Qxf4 Qe7 17. g5 Rad8 18. Rd2 a6 19. Rhd1 Rf8 20. Qg3 Rde8 21.
Nd5 Bxd5 22. Rxd5 b5 23. Qe1 f5 24. gxf6 Qxf6 25. Rf5 Qe7 26. Rg5 Ne6 27. Rg4
Rf4 28. Rxf4 Nxf4 29. Bf1 Qd7 30. Qd2 Rf8 31. c4 bxc4 32. Bxc4+ Kh8 33. Bxa6 Ng6
34. h5 Nf4 35. h6 gxh6 36. Rg1 Qe7 37. Bc4 Qe5 38. a4 h5 39. a5 c6 40. a6 d5 41.
exd5 cxd5 42. Bb3 h4 43. a7 h3 44. Re1 Qf5+ 45. Bc2 Qf6 46. Qb4 h2 47. Qb8 Qd8
48. Qe5+ Kg8 49. Rh1 Qh4 50. Bf5 Qg5 51. Bxh7+ 1-0

[Event "13th Parsvnath Open"]
[Site "New Delhi IND"]
[Date "2015.01.11"]
[Round "4.9"]
[White "Neverov, Valeriy"]
[Black "Nitin, S."]
[Result "0-1"]
[WhiteTitle "GM"]
[BlackTitle "IM"]
[WhiteElo "2501"]
[BlackElo "2355"]
[WhiteFideId "14100150"]
[BlackFideId "5018277"]
[EventDate "2015.01.09"]

1. d4 Nf6 2. Nf3 g6 3. c4 Bg7 4. g3 O-O 5. Bg2 d6 6. O-O Nbd7 7. Qc2 e5 8. Rd1
Qe7 9. Nc3 c6 10. e4 exd4 11. Nxd4 Re8 12. Bf4 Ne5 13. Qe2 a6 14. h3 h5 15. Bg5
Qc7 16. Rac1 Nh7 17. Be3 Qe7 18. f4 Nd7 19. b4 Ndf8 20. Bf2 f5 21. c5 d5 22.
exd5 Bxd4 23. Qxe7 Bxf2+ 24. Kxf2 Rxe7 25. dxc6 bxc6 26. Nd5 Rf7 27. Nb6 Rb8 28.
Rd8 Rc7 29. Rcd1 Kf7 30. Bf1 Ne6 31. Bc4 Nf8 32. R8d6 Bb7 33. Nd7 Rxd7 34. Rxd7+
Nxd7 35. Rxd7+ Kf6 36. Rd6 Bc8 37. a3 a5 38. bxa5 Ke7 39. Rxc6 Bd7 40. Rb6 Rc8
41. a6 Nxc5 42. Bd5 Be6 43. Bb7 Ne4+ 44. Bxe4 fxe4 45. a7 Ra8 46. Ra6 Bxh3 47.
Rxg6 Be6 48. Rg5 Rxa7 49. Rxh5 Kd6 50. Rh6 Rxa3 51. Rg6 Rf3+ 52. Kg2 Kd5 53.
Rg5+ Kd4 54. Ra5 Bd5 55. Ra4+ Bc4 56. Ra1 Rd3 57. g4 e3 58. f5 Rd2+ 59. Kg3 e2
60. Re1 Ke3 0-1

[Event "13th Parsvnath Open"]
[Site "New Delhi IND"]
[Date "2015.01.11"]
[Round "4.10"]
[White "Sardana, Rishi"]
[Black "Shyam, Sundar M."]
[Result "1/2-1/2"]
[WhiteTitle "IM"]
[BlackTitle "GM"]
[WhiteElo "2404"]
[BlackElo "2489"]
[WhiteFideId "25004301"]
[BlackFideId "5019141"]
[EventDate "2015.01.09"]

1. e4 e5 2. Nf3 Nc6 3. Bb5 a6 4. Ba4 Nf6 5. O-O Be7 6. d3 d6 7. c4 Bg4 8. h3 Bh5
9. Be3 h6 10. Re1 O-O 11. Nbd2 Nh7 12. Bxc6 bxc6 13. b4 Ng5 14. Bxg5 hxg5 15.
Qa4 Qd7 16. g4 Bg6 17. Nb3 f6 18. Na5 Be8 19. d4 g6 20. d5 f5 21. Nh2 cxd5 22.
Qxd7 Bxd7 23. cxd5 fxe4 24. Rac1 Rac8 25. Rxe4 Rf4 26. f3 Bb5 27. Nc6 Re8 28.
Rc3 Bf6 29. Kg2 Bxc6 30. Rxc6 Rb8 31. Rxc7 Rxb4 32. Rxb4 Rxb4 33. Rd7 Rb2+ 34.
Kh1 Rb1+ 35. Kg2 Rb2+ 36. Kg1 Rb1+ 37. Kg2 Rb2+ 38. Kg1 Rb1+ 1/2-1/2

[Event "13th Parsvnath Open"]
[Site "New Delhi IND"]
[Date "2015.01.11"]
[Round "4.11"]
[White "Narayanan, Srinath"]
[Black "Murali Krishnan, B.T."]
[Result "1-0"]
[WhiteTitle "IM"]
[BlackTitle "IM"]
[WhiteElo "2477"]
[BlackElo "2283"]
[WhiteFideId "5018420"]
[BlackFideId "5004977"]
[EventDate "2015.01.09"]

1. e4 e6 2. d4 d5 3. Nd2 c5 4. exd5 Qxd5 5. Ngf3 cxd4 6. Bc4 Qd6 7. O-O Nc6 8.
Nb3 Nf6 9. Nbxd4 Nxd4 10. Nxd4 a6 11. Re1 Qc7 12. Qe2 Bd7 13. Bg5 O-O-O 14. Nf3
Bc6 15. Ne5 Kb8 16. Bf4 Bd6 17. Rad1 Bd5 18. Bd3 Nd7 19. Nxd7+ Rxd7 20. Bxd6
Rxd6 21. c4 Bc6 22. Bc2 g6 23. Rxd6 Qxd6 24. Rd1 Qf4 25. b4 Qg5 26. g3 Qf6 27.
f4 Rd8 28. Qe5+ Qxe5 29. Rxd8+ Kc7 30. fxe5 Kxd8 31. a4 Ke7 32. Kf2 f5 33. Ke3
g5 34. Kd4 h6 35. b5 axb5 36. cxb5 Bg2 37. a5 Bf1 38. Kc5 h5 39. Bd1 g4 40. b6
Bg2 41. Kd4 Kd7 42. Ba4+ Bc6 43. a6 1-0

[Event "13th Parsvnath Open"]
[Site "New Delhi IND"]
[Date "2015.01.11"]
[Round "4.12"]
[White "Kulkarni, Vikramaditya"]
[Black "Cruz, Jonathan"]
[Result "1-0"]
[WhiteTitle "IM"]
[BlackTitle "IM"]
[WhiteElo "2354"]
[BlackElo "2454"]
[WhiteFideId "5009847"]
[BlackFideId "3802124"]
[EventDate "2015.01.09"]

1. d4 Nf6 2. Nf3 c5 3. d5 g6 4. Nc3 d6 5. e4 Bg7 6. Bb5+ Nfd7 7. a4 Na6 8. O-O
O-O 9. Re1 Nc7 10. Bf1 b6 11. Bf4 Ba6 12. Bxa6 Nxa6 13. Qe2 Nc7 14. Rad1 f6 15.
h4 a6 16. h5 g5 17. Bc1 h6 18. Nh2 Ne5 19. g3 Qd7 20. f4 Nf7 21. f5 b5 22. b3
Rfb8 23. Nf3 Rb7 24. Be3 Rab8 25. Ra1 bxa4 26. Rxa4 Rb4 27. Rea1 R8b7 28. Bd2 g4
29. Nh2 Ng5 30. Nd1 Rxa4 31. Rxa4 Nb5 32. Bc3 Nxc3 33. Nxc3 Rb4 34. Nxg4 Rxa4
35. Nxa4 Qb5 36. Qd3 Qb4 37. Nc3 Qa3 38. Kg2 Qc1 39. Nf2 a5 40. Qe2 Nf7 41. Nd3
Qa3 42. Qd2 a4 43. Nxa4 Ng5 44. Nc3 Qa5 45. Nb2 Qa8 46. Nc4 Qe8 47. Qe2 Qa8 48.
Qd1 Qa6 49. Qc1 Qb7 50. Qa3 Nxe4 51. Nxe4 Qxd5 52. Nd2 Qxf5 53. Qa8+ Kh7 54. Qe8
Qd5 55. Qxe7 1-0

[Event "13th Parsvnath Open"]
[Site "New Delhi IND"]
[Date "2015.01.11"]
[Round "4.13"]
[White "Saptarshi, Roy"]
[Black "Nishant, Malhotra"]
[Result "1/2-1/2"]
[WhiteTitle "IM"]
[WhiteElo "2448"]
[BlackElo "2167"]
[WhiteFideId "5008980"]
[BlackFideId "5099129"]
[EventDate "2015.01.09"]

1. d4 d5 2. Nf3 Nf6 3. e3 Bf5 4. c4 c6 5. Nc3 e6 6. Bd3 Bxd3 7. Qxd3 Be7 8. O-O
O-O 9. e4 dxe4 10. Nxe4 Nxe4 11. Qxe4 Nd7 12. Bf4 Nf6 13. Qe2 Qa5 14. Ne5 c5 15.
dxc5 Qxc5 16. a3 a5 17. Rfd1 Rfd8 18. Qf3 Bd6 19. Nxf7 Kxf7 20. Bxd6 Qc6 21.
Qxc6 bxc6 22. b4 Ne4 23. Be5 Nd2 24. Bc7 Rdc8 25. Bb6 Nxc4 26. bxa5 Nxa5 27.
Rd7+ Kg6 28. Re1 Nc4 29. Bd4 e5 30. Bxe5 Re8 31. f4 Nxe5 32. fxe5 Rxa3 33. Rd6+
Kf5 34. Rxc6 Rxe5 35. g4+ Kf4 36. Rc4+ Kf3 37. Rf1+ Ke3 38. Kg2 Kd3 39. Rc7 Re2+
40. Rf2 Rxf2+ 41. Kxf2 Ke4 42. Rxg7 Kf4 43. Kg2 Ra5 44. Kh3 h5 45. Kh4 hxg4 46.
Rxg4+ Kf3 47. Rg6 Kf4 48. h3 Ra8 49. Rf6+ Ke5 50. Rf3 Ke6 51. Kg5 Rg8+ 52. Kh5
Ke7 53. Kh6 Rf8 54. Rg3 Rf6+ 55. Kh7 Rf7+ 56. Kh8 Rf8+ 57. Kh7 Rf7+ 58. Kg6 Rf6+
59. Kg5 Kf7 60. Ra3 Rb6 61. Ra7+ Kg8 62. h4 Rb5+ 63. Kg6 Rb6+ 64. Kg5 Rb5+ 65.
Kg6 Rb6+ 66. Kg5 Rb5+ 67. Kg6 1/2-1/2

[Event "13th Parsvnath Open"]
[Site "New Delhi IND"]
[Date "2015.01.11"]
[Round "4.14"]
[White "Visakh, NR"]
[Black "Anurag, Mhamal"]
[Result "1-0"]
[BlackTitle "IM"]
[WhiteElo "2346"]
[BlackElo "2446"]
[WhiteFideId "25012223"]
[BlackFideId "5024366"]
[EventDate "2015.01.09"]

1. d4 Nf6 2. Nf3 b6 3. c4 Bb7 4. g3 c5 5. Bg2 cxd4 6. O-O e6 7. Qxd4 Nc6 8. Qf4
d5 9. Rd1 Bc5 10. Nc3 O-O 11. cxd5 exd5 12. Be3 Bxe3 13. Qxe3 Re8 14. Qg5 h6 15.
Qf4 Qb8 16. Qh4 Ne5 17. Rac1 Nc4 18. b3 Nd6 19. Nd4 Re5 20. Qf4 Re7 21. e3 Kf8
22. Nf5 Nxf5 23. Qxf5 Qe5 24. Qxe5 Rxe5 25. Nb5 Re7 26. Rc2 Ne4 27. Rdc1 a6 28.
Nd4 g6 29. h4 Rae8 30. Bh3 Nc5 31. h5 Kg7 32. hxg6 fxg6 33. Rc3 Kf6 34. b4 Ne4
35. R3c2 h5 36. Bc8 Kg5 37. Bxb7 Rxb7 38. Rc6 Rf7 39. R1c2 Rf6 40. Rxf6 Nxf6 41.
Rc6 Ng4 42. Rxb6 Rc8 43. Rc6 Rb8 44. a3 1-0

[Event "13th Parsvnath Open"]
[Site "New Delhi IND"]
[Date "2015.01.11"]
[Round "4.15"]
[White "Nguyen, Van Huy"]
[Black "Abhishek, Kelkar"]
[Result "1/2-1/2"]
[WhiteTitle "IM"]
[WhiteElo "2445"]
[BlackElo "2280"]
[WhiteFideId "12401064"]
[BlackFideId "5019257"]
[EventDate "2015.01.09"]

1. c4 c6 2. Nf3 d5 3. e3 Nf6 4. Nc3 a6 5. Qc2 g6 6. b3 Bg7 7. Bb2 O-O 8. Be2 Bg4
9. d4 Nbd7 10. O-O Rc8 11. h3 Bxf3 12. Bxf3 Re8 13. Rfd1 e6 14. Rac1 Qc7 15. Qb1
Qb8 16. a4 Red8 17. Qa2 Re8 18. Qb1 Red8 19. Be2 Re8 20. Rd2 Rcd8 21. Rcd1 Bh6
22. Bf3 b5 23. cxb5 cxb5 24. axb5 axb5 25. Rc2 Rc8 26. Rdc1 Rc7 27. Be2 Rb7 28.
Nd1 Bf8 29. Bc3 b4 30. Be1 Nb6 31. Nb2 Rc8 32. Nd3 Rxc2 33. Qxc2 Nbd7 34. Qc8
Qa7 35. f3 Rb8 36. Qc2 Bh6 37. f4 Bf8 38. Bf3 Qa6 39. Ne5 Kg7 40. Kh2 Qa3 41.
Bh4 Rb7 42. Qc8 Qa7 43. Bxf6+ Nxf6 44. Ra1 Qb8 45. Qxb8 Rxb8 46. Ra7 Kg8 47.
Rxf7 Ne4 48. Bxe4 dxe4 49. Nd7 Rc8 50. Rxf8+ Rxf8 51. Nxf8 Kxf8 52. g4 h6 53. f5
g5 54. fxe6 Ke7 55. d5 Kd6 56. Kg3 Ke7 57. h4 Kd6 58. hxg5 hxg5 1/2-1/2

[Event "13th Parsvnath Open"]
[Site "New Delhi IND"]
[Date "2015.01.11"]
[Round "4.16"]
[White "Kunal, M."]
[Black "Neelotpal, Das"]
[Result "1-0"]
[BlackTitle "GM"]
[WhiteElo "2336"]
[BlackElo "2437"]
[WhiteFideId "5018250"]
[BlackFideId "5003512"]
[EventDate "2015.01.09"]

1. b3 d5 2. Bb2 Bg4 3. Nf3 Nd7 4. d4 Ngf6 5. Nbd2 e6 6. e3 c5 7. h3 Bxf3 8. Nxf3
cxd4 9. Qxd4 Qa5+ 10. Qd2 Bb4 11. c3 Be7 12. a3 Ne4 13. Qc2 Bf6 14. b4 Qd8 15.
c4 Rc8 16. Bxf6 Qxf6 17. Rc1 Qg6 18. c5 O-O 19. g3 Qf6 20. Bg2 b6 21. c6 Nd6 1-0

[Event "13th Parsvnath Open"]
[Site "New Delhi IND"]
[Date "2015.01.11"]
[Round "4.17"]
[White "Aradhya, Garg"]
[Black "Sunilduth Lyna, Narayanan"]
[Result "1/2-1/2"]
[BlackTitle "IM"]
[WhiteElo "2158"]
[BlackElo "2437"]
[WhiteFideId "25006746"]
[BlackFideId "5058422"]
[EventDate "2015.01.09"]

1. d4 d6 2. c4 e5 3. Nf3 e4 4. Ng5 f5 5. g3 Be7 6. Nh3 Nf6 7. Bg2 O-O 8. O-O c6
9. Nc3 Na6 10. Qb3 Kh8 11. d5 Qe8 12. Be3 Ng4 13. Bf4 Ne5 14. Bxe5 dxe5 15. Rad1
Nc5 16. Qc2 a5 17. f3 f4 18. d6 Bd8 19. Nxe4 Bb6 20. Kh1 Nxe4 21. fxe4 Be3 22.
Qd3 Bd7 23. gxf4 exf4 24. Rf3 Bg4 25. d7 Qe7 26. Qd6 Qxd6 27. Rxd6 Rad8 28. e5
Rxd7 29. Rxd7 Bxd7 30. Nxf4 Bxf4 31. e3 g5 32. exf4 gxf4 33. Bh3 Bxh3 34. Rxh3
Kg7 35. Kg2 Kg6 36. Kf3 Rd8 37. Ke4 1/2-1/2

[Event "13th Parsvnath Open"]
[Site "New Delhi IND"]
[Date "2015.01.11"]
[Round "4.18"]
[White "Deshpande, Aniruddha"]
[Black "Brunello, Sabino"]
[Result "1/2-1/2"]
[BlackTitle "GM"]
[WhiteElo "2157"]
[BlackElo "2552"]
[WhiteFideId "5021774"]
[BlackFideId "813613"]
[EventDate "2015.01.09"]

1. e4 e5 2. Nf3 Nc6 3. Bb5 a6 4. Ba4 Nf6 5. O-O Be7 6. d3 b5 7. Bb3 d6 8. a3 O-O
9. Nc3 Bg4 10. Be3 Qd7 11. Nd5 Bd8 12. c3 Be6 13. Nxf6+ Bxf6 14. d4 Bxb3 15.
Qxb3 Na5 16. Qc2 Nc4 17. Bg5 Bxg5 18. Nxg5 Qg4 19. Nf3 f5 20. Rae1 fxe4 21. Rxe4
Qg6 22. Re2 Qxc2 23. Rxc2 e4 24. Nd2 d5 25. Nxc4 bxc4 26. b3 cxb3 27. Rb2 c5 28.
dxc5 Rac8 29. Rxb3 Rxc5 30. Rd1 Rfc8 31. Kf1 Kf7 32. Rb7+ Kf6 33. Rd7 1/2-1/2

[Event "13th Parsvnath Open"]
[Site "New Delhi IND"]
[Date "2015.01.11"]
[Round "4.19"]
[White "Gahan, M.G."]
[Black "Popov, Ivan RUS"]
[Result "0-1"]
[BlackTitle "GM"]
[WhiteElo "2295"]
[BlackElo "2622"]
[WhiteFideId "5027373"]
[BlackFideId "4170350"]
[EventDate "2015.01.09"]

1. e4 e5 2. Nf3 Nc6 3. d4 exd4 4. Nxd4 Nf6 5. Nc3 Bc5 6. Nxc6 bxc6 7. Bd3 O-O 8.
O-O Re8 9. Qf3 h6 10. Re1 d6 11. h3 Rb8 12. b3 Nd7 13. Na4 Bd4 14. Bb2 Ne5 15.
Qg3 Bxb2 16. Nxb2 Qf6 17. Nc4 Nxc4 18. Bxc4 Re5 19. f4 Rxe4 20. Rxe4 Qxa1+ 21.
Kh2 Bf5 22. Re7 d5 23. Bd3 Bxd3 24. Qxd3 Qf6 25. Rxc7 Re8 26. Rxa7 Qxf4+ 27. Qg3
Qf5 28. c3 Re2 29. Ra4 Qf1 30. Rd4 Re1 31. Qb8+ Kh7 32. Rf4 Qg1+ 33. Kg3 Re2 34.
Rg4 Qxg2+ 35. Kh4 g5+ 0-1

[Event "13th Parsvnath Open"]
[Site "New Delhi IND"]
[Date "2015.01.11"]
[Round "4.20"]
[White "Evdokimov, Alexander A."]
[Black "Sahoo, Utkal Ranjan"]
[Result "1/2-1/2"]
[WhiteTitle "GM"]
[WhiteElo "2538"]
[BlackElo "2247"]
[WhiteFideId "4139275"]
[BlackFideId "5034566"]
[EventDate "2015.01.09"]

1. Nf3 d5 2. c4 e6 3. g3 Nf6 4. Bg2 Be7 5. O-O O-O 6. b3 b6 7. cxd5 exd5 8. Bb2
Bb7 9. Qc2 c5 10. d4 Nbd7 11. Nbd2 Rc8 12. Rac1 Re8 13. Qf5 g6 14. Qb1 Bf8 15.
e3 Qe7 16. Qa1 Ba6 17. Rfe1 Ne4 18. Nb1 Bh6 19. Nc3 Bb7 20. Nxe4 dxe4 21. Nd2
cxd4 22. Rxc8 Rxc8 23. Bxd4 Bf8 24. Rc1 Rxc1+ 25. Qxc1 Ne5 26. Qc3 Nf3+ 27. Nxf3
exf3 28. Bf1 Qd7 29. b4 Bd5 30. a3 b5 31. h4 a6 32. Kh2 Be4 33. Bh3 Qd5 34. Bf1
Qa2 35. Kg1 Qb1 36. Qd2 Bd5 37. Qb2 Qd1 38. Qa1 Qxa1 39. Bxa1 f5 40. Bh3 h5 41.
Kf1 Kf7 42. Ke1 Bd6 43. Bd4 Ke6 44. Kd2 Kd7 45. Kc3 Kc6 46. Bf6 Bc7 47. Kd4 Bb6+
48. Ke5 Bc7+ 49. Kd4 Bb6+ 50. Ke5 Bc7+ 1/2-1/2